KASHF UL MAHJOOB (Record no. 32592)

000 -LEADER
fixed length control field 00265nam a22001217a 4500
082 ## - DEWEY DECIMAL CLASSIFICATION NUMBER
Classification number 297.44
100 ## - MAIN ENTRY--PERSONAL NAME
Personal name Syed Ali Hujweri
245 ## - TITLE STATEMENT
Title KASHF UL MAHJOOB
260 ## - PUBLICATION, DISTRIBUTION, ETC.
Place of publication, distribution, etc. Lahore:
Name of publisher, distributor, etc. Islami Kutab Khana;
Date of publication, distribution, etc. 2010.
300 ## - PHYSICAL DESCRIPTION
Extent 560p. ;
500 ## - GENERAL NOTE
General note Hardcover.
942 ## - ADDED ENTRY ELEMENTS (KOHA)
Koha item type Book
Holdings
Withdrawn status Lost status Source of classification or shelving scheme Damaged status Not for loan Permanent Location Current Location Date acquired Total Checkouts Full call number Barcode Date last seen Price effective from Koha item type
          School of Mechanical & Manufacturing Engineering (SMME) School of Mechanical & Manufacturing Engineering (SMME) 10/06/2015   297.44 ALI SMME-1398 03/28/2018 10/06/2015 Book
© 2023 Central Library, National University of Sciences and Technology. All Rights Reserved.